000 01343 a2200157 4500
003 Nust
005 20170207153953.0
040 _cNust
082 _a670.423
100 _aColvin, Fred H.
245 _aAmerican machinicts handbook and ductionary of shop terms
_cFred H. Colvin,
260 _aMcGraw-Hill Book Company
_bNew York
_c1945
300 _axxi,1546 p
505 _aScrew Threads (Page-1) Pipe and Threads (Page-90) Drilling (Page-118) Reamers and Reaming (Page-154) Taps and Tapping (Page-170) Files and Work Benches (Page-196) Babbitting Brazing Soldering and Welding (Page-203) Gearing (Page-230)Turning and Boring (Page-321) Milling Machine Speeds and Feeds (Page-375) Grinding Honing and Lapping (Page-479) Screw Machine Tools Speeds and Feeds (Page-542) Punch Press Tools (Page-588) Broaches and Broaching (Page-641)Bolts Nuts and Screws (Page-647) Measuring and Fitting (Page-718) Tapers and Dovetails (Page-785) Shop and Drawing Room Standards (Page-828) Wire Gages and Stock Weights (Page-940) Horse Power Belts and Shafting (Page-968) Metals and Other Materials (Page-1003) Machine Forgings (Page-1084) Knots and Slings (Page-1097) General Reference Tables (Page-1104) Automotive Data (Page-1161) Railroad Shop Data (Page-1166) Shop Trigonometry (Page-1193) Dictionry of Shop Terms (Page-1254)
538 _aAmirah No.56 Shelf No.4
942 _2ddc
_cBK
999 _c190830
_d190830